Synonym Mischief #1 - Statistics

General Stats
  • This quiz has been taken 34 times
  • The average score is 11 of 15
Answer Stats
Synonym Answer % Correct
Motherly MATERNAL
90%
Valuable PRECIOUS
90%
Demeanor ATTITUDE
86%
Bonus BOGUS
83%
Appeal REQUEST
83%
Deluge TORRENT
83%
Elegant GRACEFUL
79%
Garb OUTFIT
76%
Taste PALATE
76%
Outcast PARIAH
76%
Tempt SEDUCE
72%
Agile DEFT
69%
Pittance TRIFLE
69%
Pride CONCEIT
55%
Earnings REVENUE
45%
No matching quizzes found
Score Distribution
Percent of People with Each Score
Percentile by Number Answered
Your Score History
You have not taken this quiz